000 00574nam a22001577a 4500
999 _c5859
_d5859
008 171024b xxu||||| |||| 00| 0 eng d
020 _a9976 911 297
082 _a413 TUK
100 _aTaasisi ya Uchunguzi wa Kiswahili (TUKI)
245 _aEnglish - Swahili Dictionary
_bKamusi ya Kiingereza - Kiswahili
_cTaasisi ya Uchunguzi wa Kiswahili (TUKI)
_hEnglish and Swahili
250 _a3rd ed
260 _aDar es Salaam- Tanzania
_bInstitute of Kiswahili Studies University of Dar es Salaam
_c2006
300 _a1005p
_b21cm
650 _2Dictonary
942 _2ddc
_cBOOKS